The heartfulness way : (Record no. 533338)

000 -LEADER
fixed length control field 04266cam a22003977i 4500
001 - CONTROL NUMBER
control field 20784265
005 - DATE AND TIME OF LATEST TRANSACTION
control field 20260518102433.0
008 - FIXED-LENGTH DATA ELEMENTS--GENERAL INFORMATION
fixed length control field 181217t20182018caua b 000 0 eng d
010 ## - LIBRARY OF CONGRESS CONTROL NUMBER
LC control number 2017279353
020 ## - INTERNATIONAL STANDARD BOOK NUMBER
International Standard Book Number 9781684031344
Qualifying information (paperback)
020 ## - INTERNATIONAL STANDARD BOOK NUMBER
International Standard Book Number 1684031346
Qualifying information (paperback)
035 ## - SYSTEM CONTROL NUMBER
System control number 20784265
035 ## - SYSTEM CONTROL NUMBER
System control number (OCoLC)994000124
040 ## - CATALOGING SOURCE
Original cataloging agency BTCTA
Language of cataloging eng
Transcribing agency BTCTA
Description conventions rda
Modifying agency YDX
-- BDX
-- BUF
-- SRC
-- ZGR
-- QQ3
-- IJ5
-- OCLCF
-- INR
-- AU@
-- W8N
-- MLSOD
-- VWB
-- AZT
-- B@L
-- DLC
042 ## - AUTHENTICATION CODE
Authentication code lccopycat
050 00 - LIBRARY OF CONGRESS CALL NUMBER
Classification number BL1238.56.R35
Item number P38 2018
082 00 - DEWEY DECIMAL CLASSIFICATION NUMBER
Classification number AA P272
Edition number 23
100 1# - MAIN ENTRY--PERSONAL NAME
Personal name Patel, Kamlesh D.,
Dates associated with a name 1956-
Relator term author.
9 (RLIN) 60567
245 14 - TITLE STATEMENT
Title The heartfulness way :
Remainder of title heart-based meditations for spiritual transformation /
Statement of responsibility, etc Kamlesh D. Patel, Joshua Pollock.
260 ## - PUBLICATION, DISTRIBUTION, ETC. (IMPRINT)
Place of publication, distribution, etc New Delhi
Name of publisher, distributor, etc Juggernaut Books
Date of publication, distribution, etc 2022
300 ## - PHYSICAL DESCRIPTION
Extent xvii, 187 pages :
Other physical details illustrations ;
Dimensions 22 cm
500 ## - GENERAL NOTE
General note "Foreword by Varun Soni, afterword by James R. Doty" -- Front cover.
504 ## - BIBLIOGRAPHY, ETC. NOTE
Bibliography, etc Includes bibliographical references.
505 0# - FORMATTED CONTENTS NOTE
Formatted contents note Machine generated contents note: pt. 1 Why Heartfulness -- 1.The Seeker's Journey -- 2.Demystifying Meditation -- Attitude -- Yogic Transmission -- pt. 2 Practicing Heartfulness -- 3.Meditation -- When and Where to Meditate -- The Meditative Posture -- Relaxation How to Meditate -- How Long to Meditate -- The Meditative State -- The Heartfulness Way -- 4.Cleaning -- Doing the Cleaning -- 5.Prayer -- Connecting Through Prayer -- The Heartfulness Prayer -- pt. 3 The Guru -- 6.Role of the Guru.
520 ## - SUMMARY, ETC.
Summary, etc "Heartfulness is an ideal, a spiritual way of living by and from the heart that is inclusive of all ideologies, beliefs, and religions. In this heart-centered book, a student in conversation with his teacher, Kamlesh D. Patel--affectionately known as Daaji, the fourth and current spiritual guide of the century-old Heartfulness tradition--present a unique method of meditation with the power to facilitate an immediate, tangible spiritual experience, irrespective of a person's faith. Our modern, fast-paced world can be an overwhelming place. Every day, we're bombarded with messages telling us that in order to be happy, fulfilled, and worthy, we must be better, do more, and accumulate as much material wealth as possible. Most of us move through our busy lives with our minds full of these ideas, multitasking as we strive to navigate the responsibilities and expectations we must meet just to make it through the day. But what if there is another way? What if, rather than letting the busyness of life overtake our minds, we learn to be heartful instead? Based on Daaji's own combination of approaches and practices for the modern seeke--which draws from the teachings of Sahaj Marg, meaning "Natural Path"--Heartfulness is a contemporized version of the ancient Indian practice of Raja Yoga, a tradition that enables the practitioner to realize the higher Self within. While many books describe refined states of being, The Heartfulness Way goes further, providing a pragmatic course to experience those states for oneself, which, per the book's guiding principle, is "greater than knowledge." Heartfulness meditation consists of four elements--relaxation, meditation, cleaning, and prayer--and illuminates the ancient, defining feature of yogic transmission (or pranahuti), the utilization of divine energy for spiritual growth and transformation. Using the method, detailed practices, tips, and practical philosophy offered in this book, you'll reach new levels of attainment and learn to live a life more deeply connected to the values of the Heartfulness way--with acceptance, humility, compassion, empathy, and love." -- Publisher's website.
650 #0 - SUBJECT ADDED ENTRY--TOPICAL TERM
Topical term or geographic name as entry element Meditation.
9 (RLIN) 60568
650 #0 - SUBJECT ADDED ENTRY--TOPICAL TERM
Topical term or geographic name as entry element Yoga, Rāja.
9 (RLIN) 60569
650 #7 - SUBJECT ADDED ENTRY--TOPICAL TERM
Topical term or geographic name as entry element Meditation.
Source of heading or term fast
9 (RLIN) 60568
650 #7 - SUBJECT ADDED ENTRY--TOPICAL TERM
Topical term or geographic name as entry element Yoga, Rāja.
Source of heading or term fast
9 (RLIN) 60569
655 #4 - INDEX TERM--GENRE/FORM
Genre/form data or focus term Nonfiction.
700 1# - ADDED ENTRY--PERSONAL NAME
Personal name Pollock, Joshua
Titles and other words associated with a name (Heartfulness trainer),
Relator term author.
9 (RLIN) 60571
700 1# - ADDED ENTRY--PERSONAL NAME
Personal name Soni, Varun,
Relator term author of introduction, etc.
9 (RLIN) 60572
700 1# - ADDED ENTRY--PERSONAL NAME
Personal name Doty, James R.
Fuller form of name (James Robert),
Dates associated with a name 1955-
Relator term author of afterword, colophon, etc.
9 (RLIN) 60573
906 ## - LOCAL DATA ELEMENT F, LDF (RLIN)
a 7
b cbc
c copycat
d 2
e ncip
f 20
g y-gencatlg
955 ## - COPY-LEVEL INFORMATION (RLIN)
Classification number, CCAL (RLIN) rn05 2018-12-17 z-processor 1 copy to USASH
Copy status, CST (RLIN) rk06 2019-05-30 to Dewey
Non-printing notes, HNT (RLIN) ma02 2022-03-11 TW Situational
655 #4 - INDEX TERM--GENRE/FORM
-- 60570
Holdings
Withdrawn status Lost status Source of classification or shelving scheme Damaged status Koha normalized classification for sorting Not for loan Permanent location Current location Shelving location Date acquired Full call number Barcode Date last seen Price effective from Koha item type
        AA_P272   Indian Institute of Public Administration Indian Institute of Public Administration On Display 2026-05-18 AA P272 Gr25715 2026-05-18 2026-05-18 GR

Powered by Koha